1886 1488 1927 1236 1679 1588 1553 1106 1274 1537 1439 1238 1755 1984 1282 1839 1130 1068 1759 1691 1127 1266 1099 1893 1126 1638 1821 1660 1709 1390 1069 1159 1557 1256 1533 1753 1225 1341 1391 1700 1663 1083 1213 1059 1388 1915 1679 1657 1303 1550 1859 1497 1321 1409 1072 1230 1445 1219 1057 1582 1728 1902 1571 1642 1471 1710 1495 1413 1045 1528 1930 1853 1071 1034 1350 1573 1112 1485 1033 1556 1319 1834 1472 1630 1068 1634 1917 1373 1558 1116 1023 1986 1165 1818 1598 1703 1639 1732 1782 BCNSPRNW ULIB Ver.6.0+V

เปลี่ยนเป็นภาษาไทย

Change to English
 แสดงรายละเอียดบรรณานุกรม
  กลับหน้าหลัก

Brief Record : Get Marc (ISO 2709) : E-mail record : QR code < ปิดหน้าต่าง
LEADER : 00000nam 2200000uu 4500
001    13399113110
003     ULIB
008    110927s2543||||th 000 0 tha d
020    9742722935
041 1  tha/eng
050  4 PL4226^bก726ว ล.3 2543
245 00 วรรณกรรมสมัยอยุธยา 3A ฉบับแปล =^bThai literary works of the Ayutthaya periods translated version /^cบรรณาธิการโดยคุณหญิงกุลทรัพย์ เกษแม่นกิจ ; แปลโดยคณะทำงานโครงการวรรณกรรมอาเซียน
246 31 Thai literary works of the Ayutthaya periods translated version
250    พิมพ์ครั้งที่ 1
260    กรุงเทพฯ :^bอมรินทร์ พริ้นติ้งแอนด์พับลิชชิ่ง,^c2543
300    (33), 704 หน้า :^bภาพประกอบ, แผนที่ ;^c24 ซม.
440  0 วรรณกรรมอาเซียน ;^vเล่ม 2 เอ
440  0 Anthology of ASEAN literature ;^vv. 2a
546    มีคำแปลภาษาอังกฤษเทียบเคียง
650  4 วรรณกรรมไทย^yสมัยอยุธยา
650  4 วรรณคดีไทย^yสมัยอยุธยา
650  4 วรรณคดีไทย^yสมัยอยุธยา^xประวัติและวิจารย์
700 0  กุลทรัพย์ เกษแม่นกิจ,^cคุณหญิง,^eบรรณาธิการ
710 2  คณะทำงานโครงการวรรณกรรมอาเซียน
945    ^p0^l0^i019585
995    ทศพร
999 ^a ทศพร
รายการนี้ยังไม่มีแท็ก
คุณยังไม่ได้ล็อกอิน คุณสามารถมีกิจกรรมร่วมกับเว็บไซต์ได้ แต่ต้องล็อกอินก่อน ::
  ล็อกอิน

รายการสื่อสารสนเทศ

ลำดับที่ ประเภท เลขเรียก/บาร์โค้ด สถานที่ สถานะ
- ไม่พบข้อมูล -

BibComment


ยังไม่เคยถูกคอมเมนท์

คอมเมนท์ทรัพยากรรายการนี้
  คอมเมนท์: วรรณกรรมสมัยอยุธย..


 Copyright 2026. Bcnsprnw @Library